书目信息 |
| 题名: |
代谢轮廓分析
|
|
| 作者: | 梅斯 主编 | |
| 分册: | 英文版 | |
| 出版信息: | 北京 科学出版社 2013 |
|
| 页数: | 391 | |
| 开本: | 23cm | |
| 丛书名: | ||
| 单 册: | ||
| 中图分类: | Q493 | |
| 科图分类: | ||
| 主题词: | 新陈代谢 , 营养(生物) | |
| 电子资源: | ||
| ISBN: | 7-03-035929-2 | |
| 000 | 00614nam0 2200193 450 | |
| 001 | 1735846483 | |
| 005 | 20170410095726.48 | |
| 010 | @a7-03-035929-2@b精装@d¥145.00 | |
| 100 | @a20170410d km y0chiy0120 ea | |
| 101 | 0 | @achi |
| 200 | 1 | @a代谢轮廓分析@Adai xie lun kuo fen xi@e研究方法与实验方案@h英文版@f梅斯(Metz,T.O.)主编@Fmei si(Metz,T.O.)zhu bian |
| 210 | @a北京@c科学出版社@d2013 | |
| 215 | @a391@d23cm | |
| 606 | 0 | @a新陈代谢 |
| 606 | 0 | @a营养(生物) |
| 690 | @aQ493@v4 | |
| 701 | 0 | @a梅斯@Amei si@bMetz,T.O.@4主编 |
| 801 | 0 | @aCN@b大连网信软件有限公司图书馆·11@c20170410 |
| 905 | @b6604443@dQ493@en3@f1 | |
| 代谢轮廓分析:研究方法与实验方案.英文版/梅斯(Metz,T.O.)主编.-北京:科学出版社,2013 |
| 391;23cm |
| ISBN 7-03-035929-2(精装):¥145.00 |
| ● |
| 相关链接 |
|
|
|
|
正题名:代谢轮廓分析
索取号:Q493/n3
 
预约/预借
| 序号 | 登录号 | 条形码 | 馆藏地/架位号 | 状态 | 备注 |
| 1 | 6604443 | 266044434 | 密集书库-生命科学系/ [索取号:Q493/n3] | 在馆 |